| 000 | 00480nam a2200169Ia 4500 | ||
|---|---|---|---|
| 999 |
_c28729 _d28729 |
||
| 003 | OSt | ||
| 005 | 20201230140300.0 | ||
| 008 | 190216s9999||||xx |||||||||||||| ||und|| | ||
| 040 | _coclc | ||
| 082 |
_a610 _bPIL/S |
||
| 100 |
_aPillai, S Gopala _97994 |
||
| 245 | 0 |
_aSarngadara Samhitha / _cS Gopala Pillai |
|
| 260 |
_bDevi Book Stall, Kerala, _aKodungallur: _c2005. |
||
| 300 | _a430p | ||
| 650 | _aMalayalam | ||
| 942 |
_cBK _2ddc _h610 _iPIL/S _k610 _mPIL/S |
||